Statistics for Bird Species by Family : Monotypic Families

Click here to take the quiz!

General Stats

  • This quiz has been taken 28 times
    (10 since last reset)
  • The average score is 18 of 35

Answer Stats

Answer% Correct
Hoatzin
100%
Magpie Goose
100%
Osprey
100%
Secretarybird
100%
Shoebill
100%
Oilbird
89%
Sunbittern
89%
Bearded Reedling
78%
Kagu
78%
Limpkin
78%
Ibisbill
67%
Sapayoa
67%
Crab Plover
56%
Hamerkop
56%
Olive Warbler
56%
Plains-Wanderer
56%
Wallcreeper
56%
Bornean Bristlehead
44%
Cuckoo Roller
44%
Egyptian Plover
44%
Magellanic Plover
44%
Yellow-Breasted Chat
44%
Grey Hypocolius
33%
Malaysian Rail-Babbler
33%
Palmchat
33%
Black-Capped Donacobius
22%
Crested Shriketit
22%
Rosy Thrush-Tanager
22%
Wattled Ploughbill
22%
Blue-Capped Ifrit
11%
Many-Colored Rush Tyrant
11%
Przevalski's Finch
11%
Stitchbird
11%
Mottled Berryhunter
0%
Spotted Elachura
0%

Score Distribution

Percentile by Number Answered

Percent of People with Each Score

Your Score History

You have not taken this quiz since the last reset